|
|
|
|
| LEADER |
00000nam1a2200000 4500 |
| 001 |
31655 |
| 005 |
20231030204535.0 |
| 035 |
|
|
|a (RuTPU)RU\TPU\book\31946
|
| 035 |
|
|
|a BOOK00000025
|
| 090 |
|
|
|a 31655
|
| 100 |
|
|
|a 20011210d1989 k y0rusy50 ca
|
| 101 |
0 |
|
|a rus
|
| 102 |
|
|
|a MW
|
| 200 |
1 |
|
|a Управляемые электропередачи
|e [сборник статей]
|f Академия наук Молдавской ССР (АН МССР), Отдел энергетической кибернетики
|
| 210 |
|
|
|a Кишинев
|c Штиинца
|d 1989-
|
| 712 |
0 |
2 |
|a Академия наук Молдавской ССР (АН МССР)
|b Отдел энергетической кибернетики
|2 stltpush
|3 (RuTPU)RU\TPU\col\85
|
| 801 |
|
0 |
|a MW
|b 63413507
|c 20011210
|g PSBO
|
| 801 |
|
2 |
|a RU
|b 63413507
|c 20110526
|g RCR
|
| 942 |
|
|
|c BK
|